|
|
|
|
| LEADER |
00813nam a2200193 a 4500 |
| 008 |
090531s2004 aku 000 0 eng d |
| 020 |
|
|
|a 0618310606
|
| 082 |
0 |
0 |
|a 658
|2 22
|
| 100 |
1 |
|
|a Jeannet, Jean-Pierre.
|
| 245 |
1 |
0 |
|a Cases in global marketing strategies 2005 annual update /
|c Jean-Pierre Jeannet, H. David Hennessey
|
| 250 |
|
|
|a 6th ed.
|
| 260 |
|
|
|a Boston, AK :
|b Houghton Mifflin Co.,
|c 2004.
|
| 300 |
|
|
|a vi,(various pagins):
|b ill. (some col.);
|c 24 cm.
|
| 541 |
1 |
|
|e 00014732
|
| 650 |
|
0 |
|a International Marketing.
|
| 700 |
1 |
|
|a Hennessey, H. David
|
| 852 |
4 |
|
|a Ayesha Abed Library
|j General Shelf.
|
| 999 |
|
|
|c 2909
|d 2909
|
| 952 |
|
|
|0 0
|1 0
|2 ddc
|4 0
|6 658_JEA
|7 0
|9 2642
|a BRACUL
|b BRACUL
|c GEN
|d 2009-07-29
|g 0.00
|l 2
|m 3
|o 658 JEA
|p 3010014732
|r 2015-12-29
|s 2015-09-02
|t 1
|w 2009-07-29
|y BK
|x No price found in the accession register.
|